000 00430nam a2200169 a 4500
001 8674
005 20180713192626.0
008 140415s1991 000 0 spa d
041 _aspa
082 _a657.45
_bSAN
100 1 _aSANCHEZ ALARCON, FRANCISCO JAVIER
245 1 0 _aPROGRAMAS DE AUDITORIA
250 _a4a ed.
260 _a[s.l.] :
_bECASA,
_c1991
300 _a180
650 1 4 _aAUDITORIA
_xPROGRAMAS
999 _c8674
_d8674